00795nam a2200169 a 450000100100000000500170001000800410002704000250006808200210009310000280011424500790014226000710022130000200029250001800031260000520049265100810054400003342020240409073643.0110829s1939 dr 000 0dspa d aDO-SdBNPbspacBNPHU a923.17293bT866B1 aBrenes, Rafael Andrés10aTrujillo creador de la nacionalidad económica /cRafael Andrés Brenes. aSantiago, República Dominicana :bImprenta de L. H. Cruz,c1939. a40 p. ;c17 cm. aConferencia dictada el día 24 de octubre de 1938 a las 8 de la noche, desde la tribuna de la Junta Comunal del Partido Dominicano en la ciudad de Santiago de los Caballeros.10aTrujillo Molina, Rafael Leónidas,d 1891-1961 4aRepública DominicanaxCondiciones EconómicasyERA DE TRUJILLO, 1930-1961